Welcome to WEB OPAC of MRSPTU Central Library

Irrigation engineering (Record no. 4281)

MARC details
000 -LEADER
fixed length control field 00409nam a2200169Ia 4500
008 - FIXED-LENGTH DATA ELEMENTS--GENERAL INFORMATION
fixed length control field 230711s9999||||xx |||||||||||||| ||und||
020 ## - INTERNATIONAL STANDARD BOOK NUMBER
International Standard Book Number 978-81-121-92128-2
041 ## - LANGUAGE CODE
Language code of text/sound track or separate title ENG
082 ## - DEWEY DECIMAL CLASSIFICATION NUMBER
Classification number 624
Item number SH-I
100 ## - MAIN ENTRY--PERSONAL NAME
Personal name Sharma.R.K
245 #0 - TITLE STATEMENT
Title Irrigation engineering
250 ## - EDITION STATEMENT
Edition statement 1st Ed.
260 ## - PUBLICATION, DISTRIBUTION, ETC.
Date of publication, distribution, etc. 2002
Place of publication, distribution, etc. New Delhi
Name of publisher, distributor, etc. S.Chand Publishing
650 ## - SUBJECT ADDED ENTRY--TOPICAL TERM
Topical term or geographic name entry element Civil Engineering
700 ## - ADDED ENTRY--PERSONAL NAME
Personal name Sharma,T.K
942 ## - ADDED ENTRY ELEMENTS (KOHA)
Koha item type Book
Holdings
Withdrawn status Lost status Damaged status Not for loan Collection Home library Current library Date acquired Total checkouts Full call number Barcode Date last seen Date last checked out Price effective from Koha item type Cost, normal purchase price Inventory number
          MRSPTU Central Library MRSPTU Central Library   1 624 SH-I 14673 03/17/2026 03/06/2026 08/17/2023 Book    
          MRSPTU Central Library MRSPTU Central Library   1 624 SH-I 14674 02/07/2024 02/02/2024 08/17/2023 Book    
          MRSPTU Central Library MRSPTU Central Library     627.52 SH-I 31593 08/17/2023   08/17/2023 Book 595.00 642483
          MRSPTU Central Library MRSPTU Central Library     627.52 SH-I 31594 08/17/2023   08/17/2023 Book 595.00 642483
          MRSPTU Central Library MRSPTU Central Library   1 627.52 SH-I 31595 08/23/2024 02/01/2024 08/17/2023 Book 595.00 642483
          MRSPTU Central Library MRSPTU Central Library   1 627.52 SH-I 31596 08/05/2024 02/01/2024 08/17/2023 Book 595.00 642483
          MRSPTU Central Library MRSPTU Central Library   3 627.52 SH-I 31597 02/18/2025 01/24/2025 08/17/2023 Book 595.00 642483

Website Designed and Developed by MRSPTU Central Library Team

E-mail Id: librarian@mrsptu.ac.in